Juventus FC Squad 1984-1985 - Statistics

General Stats
  • This quiz has been taken 26 times
  • The average score is 10 of 22
Answer Stats
Position Nation Player % Correct
MF France Michel Platini
100%
DF Italy Gaetano Scirea
88%
MF Italy Marco Tardelli
81%
MF Poland Zbigniew Boniek
81%
DF Italy Antonio Cabrini
75%
FW Italy Paolo Rossi
75%
Coach Italy Giovanni Trapattoni
69%
GK Italy Stefano Tacconi
69%
DF Italy Sergio Brio
63%
MF San Marino Massimo Bonini
56%
MF Italy Cesare Prandelli
31%
DF Italy Luciano Favero
31%
MF Italy Beniamino Vignola
25%
GK Italy Luciano Bodini
25%
FW Italy Massimo Briaschi
25%
MF Italy Giovanni Koetting
19%
DF Italy Nicola Caricola
19%
DF Italy Stefano Pioli
19%
MF Italy Bruno Limido
13%
FW Italy Michele Scola
13%
MF Italy Aldo Dolcetti
6%
DF Italy Vincenzo Mastrototaro
6%
No matching quizzes found
Score Distribution
Percent of People with Each Score
Percentile by Number Answered
Your Score History
You have not taken this quiz